000
00265nam a22001217a 4500
008
170306b xxu||||| |||| 00| 0 eng d
041
_a
eng
080
_a
611
100
_a
6
101
_a
SHM
245
_a
VISUAL ANATOMY PHYSIOLOLGY
_c
MARTIN.F.H
942
_2
udc
_c
BK
999
_c
6905
_d
6905